Cities that share the same lattitiude #2 - Statistics

General Stats
  • This quiz has been taken 10 times
  • The average score is 5 of 12
Answer Stats
Hint Answer % Correct
39.9 N Beijing
83%
59.9 N Oslo
67%
45.5 N Montreal
50%
45.5 N Portland
50%
59.9 N St. Petersburg
50%
28.5 N Delhi
33%
31.7 N Jerusalem
33%
45.4 N Ottawa
33%
45.4 N Venice
33%
39.9 N Ankara
17%
31.7 N El Paso
0%
28.5 N Orlando
0%
No matching quizzes found
Score Distribution
Percent of People with Each Score
Percentile by Number Answered
Your Score History
You have not taken this quiz